| 000 | 00769nam a2200241 a 4500 | ||
|---|---|---|---|
| 005 | 20210219151955.0 | ||
| 008 | 991125s1985 mx 000 0 spa u | ||
| 020 | _a9684960700 | ||
| 035 | _aUPN01000044496 | ||
| 049 | _aSEP | ||
| 050 | 4 |
_aHN5 C23 _bno.119 |
|
| 100 | 1 | _aAlcalá, Graciela | |
| 245 | 1 | 4 |
_aLos pescadores de Tecolutla : _bel tiempo cotidiano y el espacio doméstico en una villa de pescadores / _cGraciela Alcalá |
| 260 |
_aMéxico : _bCIESAS$bSEP, _c1985 |
||
| 300 | _a215 p | ||
| 440 | 0 |
_aCuadernos de la Casa Chata; _v119 |
|
| 520 | _a"Serie Los pescadores de México v.10" | ||
| 650 | 4 |
_aPESCA- _zMEXICO - _xHISTORIA |
|
| 651 | 4 |
_aMEXICO- _xCONDICIONES SOCIALES - _vCOLECCIONES |
|
| 902 | _aCAROLINA | ||
| 904 |
_aAC _b044498 |
||
| 905 | _aLibro | ||
| 999 |
_c44496 _d44496 |
||